书目信息 |
| 题名: |
“三问”教学法
|
|
| 作者: | 王晓虹 主编 | |
| 分册: | ||
| 出版信息: | 上海 华东师范大学出版社 2020.12 |
|
| 页数: | 263页 | |
| 开本: | 24cm | |
| 丛书名: | ||
| 单 册: | ||
| 中图分类: | G632.41 | |
| 科图分类: | ||
| 主题词: | 教学法--教学研究--高中 | |
| 电子资源: | ||
| ISBN: | 978-7-5760-0720-6 | |
| 000 | 00831nam0 2200229 45 | |
| 001 | 012001003971 | |
| 005 | 20140926083740.0 | |
| 010 | @a978-7-5760-0720-6@dCNY52.00 | |
| 100 | @a20210223d2020 em y0chiy0110 ea | |
| 101 | 0 | @achi |
| 102 | @aCN@b310000 | |
| 105 | @aa z 000yy | |
| 106 | @ar | |
| 200 | 1 | @a“三问”教学法@A“ san wen ” jiao xue fa@e深度学习的聚焦@f王晓虹主编 |
| 210 | @a上海@c华东师范大学出版社@d2020.12 | |
| 215 | @a263页@c图@d24cm | |
| 330 | @a本书共分九章,内容包括:分析学生的认知基础、知晓学生的学习能力、把握学生的学习情意、聚焦学科核心素养、优化单元教学设计、精准设定教学目标、重构教学内容、优化教学方法、及时进行教学反馈。 | |
| 606 | 0 | @a教学法@x教学研究@x高中 |
| 690 | @aG632.41@v5 | |
| 701 | 0 | @a王晓虹@Awang xiao hong@4主编 |
| 801 | @aCN@bAHXH@c20210922 | |
| 905 | @b1328754-8@dG632.41@e1288@f5 | |
| “三问”教学法:深度学习的聚焦/王晓虹主编.-上海:华东师范大学出版社,2020.12 |
| 263页:图;24cm |
| ISBN 978-7-5760-0720-6:CNY52.00 |
| 本书共分九章,内容包括:分析学生的认知基础、知晓学生的学习能力、把握学生的学习情意、聚焦学科核心素养、优化单元教学设计、精准设定教学目标、重构教学内容、优化教学方法、及时进行教学反馈。 |
| ● |
| 相关链接 |
|
|
|
|
正题名:"三问"教学法
索取号:G632.41/1288
 
预约/预借
| 序号 | 登录号 | 条形码 | 馆藏地/架位号 | 状态 | 备注 |
| 1 | 1328754 | 213287548 | 第一样本阅览室/ [索取号:G632.41/1288] | 在馆 | |
| 2 | 1328755 | 213287557 | 教育系资料室/ [索取号:G632.41/1288] | 在馆 | |
| 3 | 1328756 | 213287566 | 教育系资料室/ [索取号:G632.41/1288] | 在馆 | |
| 4 | 1328757 | 213287575 | 第四借阅区/ [索取号:G632.41/1288] | 在馆 | |
| 5 | 1328758 | 213287584 | 第四借阅区/ [索取号:G632.41/1288] | 在馆 |